000 nam a22 7a 4500
999 _c233697
_d233697
003 Nust
005 20170310105152.0
008 170310b xxu||||| |||| 00| 0 eng d
040 _cDLC
082 _a625.80994 MAR
100 _aMartin Tim
245 _aInterim Works Effects Models (Report)
942 _2ddc
_cBK